000
00225nam a2200097Ia 4500
008
240331s9999 xx 000 0 und d
082
_b
ARN
100
_a
Arnold,J.R
245
0
_a
j.R.Anold's the galaxy of tamil poets
942
_c
L
999
_c
4696
_d
4696